Property returns to fall from this year (Record no. 71602)
[ view plain ]
| 000 -LEADER | |
|---|---|
| fixed length control field | 00993cam a2200205 4500 |
| 001 - CONTROL NUMBER | |
| control field | WB3483-03 |
| 008 - FIXED-LENGTH DATA ELEMENTS--GENERAL INFORMATION | |
| fixed length control field | 021120n2002 000 0 eng u |
| 035 ## - SYSTEM CONTROL NUMBER | |
| System control number | (Sirsi) u120520 |
| 245 ## - TITLE STATEMENT | |
| Title | Property returns to fall from this year |
| 260 ## - PUBLICATION, DISTRIBUTION, ETC. | |
| Date of publication, distribution, etc. | 2002 |
| 490 ## - SERIES STATEMENT | |
| Series statement | Estates Gazette |
| Volume/sequential designation | (0246) 16 November 2002, 49(1) |
| 520 ## - SUMMARY, ETC. | |
| Summary, etc. | The latest Investment Property Forum (IPF) consensus forecast of independent property forecasters claims that rents and capital values will stagnate in 2003 and total return from property will fall from this year to 7.6%. Rental growth and capital growth will only hit 0.5% in 2003. Forecasts for 2004 have also grown more pessimistic. IPF consensus forecast at http://www.ipf.org.uk/web/research/forecasts.html |
| 590 ## - LOCAL NOTE (RLIN) | |
| Local note | WB |
| 650 ## - SUBJECT ADDED ENTRY--TOPICAL TERM | |
| Topical term or geographic name entry element | IPF CONSENSUS FORECAST SURVEY |
| 650 ## - SUBJECT ADDED ENTRY--TOPICAL TERM | |
| Topical term or geographic name entry element | RENTAL GROWTH |
| 650 ## - SUBJECT ADDED ENTRY--TOPICAL TERM | |
| Topical term or geographic name entry element | CAPITAL GROWTH |
| 650 ## - SUBJECT ADDED ENTRY--TOPICAL TERM | |
| Topical term or geographic name entry element | TOTAL RETURNS |
| 690 ## - LOCAL SUBJECT ADDED ENTRY--TOPICAL TERM (OCLC, RLIN) | |
| Topical term or geographic name as entry element | PROPERTY-COMMERCIAL PROPERTY-COMMERCIAL PROPERTY FINANCE AND INVESTMENT |
| 942 ## - ADDED ENTRY ELEMENTS (KOHA) | |
| Suppress in OPAC | 0 |
| Withdrawn status | Lost status | Source of classification or shelving scheme | Damaged status | Not for loan | Home library | Current library | Shelving location | Date acquired | Total Checkouts | Full call number | Barcode | Date last seen | Copy number | Price effective from | Koha item type |
|---|---|---|---|---|---|---|---|---|---|---|---|---|---|---|---|
| Dewey Decimal Classification | London | London | News article | 20/11/2002 | WB3483-03 | 120520-1001 | 06/08/2019 | 1 | 06/08/2019 | News article |